[Event "Campeonato Individual Provincial Absolut"]
[Site "Trinquet de Manises (Manises -"]
[Date "2011.11.05"]
[Round "4"]
[White "Rodriguez Valencoso, Juan Carlo"]
[Black "Rubio Tent, Francisco"]
[Result "0-1"]
[WhiteElo "2189"]
[BlackElo "2037"]
[PlyCount "74"]
[EventDate "2011.10.01"]
[EventRounds "7"]
[EventCountry "ESP"]

1. e4 c5 2. Nc3 Nc6 3. Bb5 g6 4. f4 Bg7 5. Nf3 Nd4 6. Nxd4 Bxd4 7. Ne2 Bg7 8.
c3 a6 9. Ba4 b5 10. Bc2 d5 11. d4 c4 12. O-O Bb7 13. e5 e6 14. Qe1 h5 15. g3
Nh6 16. h3 Bf8 17. Kh2 Be7 18. Ng1 Nf5 19. Nf3 Bc6 20. Ng5 a5 21. Kg2 h4 22. g4
Ng3 23. Rf3 b4 24. Bd2 Rb8 25. cxb4 axb4 26. Qe3 Rg8 27. Be1 Bxg5 28. fxg5 Ne4
29. Bxe4 dxe4 30. Rf1 Rh8 31. Kh2 Rh7 32. Bf2 Qd5 33. Rfe1 Ra8 34. Re2 Bb5 35.
Qxe4 c3 36. Qxd5 exd5 37. Rc2 Bd3 0-1

[Event "Campeonato Individual Provincial Absolut"]
[Site "Trinquet de Manises (Manises -"]
[Date "2011.11.05"]
[Round "4"]
[White "Pavia Miralles, Jose Manuel"]
[Black "Navarro Mora, Jesualdo"]
[Result "1-0"]
[WhiteElo "2166"]
[BlackElo "2009"]
[PlyCount "43"]
[EventDate "2011.10.01"]
[EventRounds "7"]
[EventCountry "ESP"]

1. d4 Nf6 2. Nf3 e6 3. g3 b6 4. Bg2 Bb7 5. O-O Be7 6. a3 O-O 7. b4 d5 8. Bb2
Ne4 9. Nbd2 f5 10. c4 c6 11. Rc1 a5 12. b5 dxc4 13. bxc6 Nxc6 14. Nxc4 b5 15.
Ne3 Qb6 16. Qb3 Nd8 17. Rfd1 a4 18. Qa2 b4 19. axb4 Bxb4 20. d5 Kh8 21. Bd4 Qa6
22. Qb2 1-0

[Event "Campeonato Individual Provincial Absolut"]
[Site "Trinquet de Manises (Manises -"]
[Date "2011.11.05"]
[Round "4"]
[White "Ballester Llagaria, Luis Eduard"]
[Black "Almenar Montaner, Vicente"]
[Result "1-0"]
[WhiteElo "2144"]
[BlackElo "2039"]
[PlyCount "91"]
[EventDate "2011.10.01"]
[EventRounds "7"]
[EventCountry "ESP"]

1. e4 c6 2. Nc3 d5 3. Qf3 e6 4. d4 dxe4 5. Nxe4 Be7 6. Bd3 Nd7 7. Qg3 g6 8. Nf3
Ndf6 9. Nxf6+ Nxf6 10. Bd2 Bd6 11. Ne5 Nd7 12. Nxf7 Bxg3 13. Nxd8 Bxf2+ 14.
Kxf2 O-O+ 15. Kg3 Rxd8 16. Rhf1 Nb6 17. Bh6 Nd5 18. Rae1 Ne7 19. Bg5 Re8 20. h3
Bd7 21. Kh2 Nf5 22. c3 Rac8 23. g4 Nd6 24. Bf4 Nf7 25. b4 Ra8 26. Re2 a5 27.
bxa5 Rxa5 28. Bc4 Kg7 29. Bc7 Ra7 30. Bb3 Rc8 31. Ref2 Rf8 32. Bd6 Nxd6 33.
Rxf8 b5 34. Rd8 Ne4 35. Rdf8 Nd6 36. R8f6 Bc8 37. Bxe6 Bxe6 38. Rxe6 Rxa2+ 39.
Kg3 Nc4 40. Rxc6 Nd2 41. Rc7+ Kg8 42. Re1 Kf8 43. Rb7 Rc2 44. Rxb5 Rxc3+ 45.
Kg2 Nf3 46. Rf1 1-0

[Event "Campeonato Individual Provincial Absolut"]
[Site "Trinquet de Manises (Manises -"]
[Date "2011.11.05"]
[Round "4"]
[White "Madero, Sergio"]
[Black "Nieves Cabanes, Javier"]
[Result "0-1"]
[WhiteElo "2120"]
[BlackElo "1925"]
[PlyCount "70"]
[EventDate "2011.10.01"]
[EventRounds "7"]
[EventCountry "ESP"]

1. Nf3 Nf6 2. c4 g6 3. g3 Bg7 4. Bg2 O-O 5. Nc3 d6 6. O-O Nbd7 7. Rb1 Nb6 8. d3
c6 9. h3 d5 10. c5 Nbd7 11. b4 b6 12. b5 Nxc5 13. bxc6 Ne8 14. Na4 Bf5 15. Bb2
Qc8 16. Bxg7 Nxg7 17. g4 Be6 18. Nxc5 bxc5 19. Qa4 h5 20. Ne5 hxg4 21. hxg4 d4
22. Bf3 Qc7 23. Nd7 Qf4 24. c7 Qxc7 25. Nxf8 Rxf8 26. Rb7 Qf4 27. Rxe7 Qg5 28.
Qxa7 Bxg4 29. Re5 Qxe5 30. Bxg4 Qg5 31. f3 f5 32. Qxc5 Qe3+ 33. Kh1 fxg4 34.
Qd5+ Kh7 35. Rg1 Rf5 0-1

[Event "Campeonato Individual Provincial Absolut"]
[Site "Trinquet de Manises (Manises -"]
[Date "2011.11.05"]
[Round "4"]
[White "Perales Arona, Joaquin"]
[Black "Navarro Diaz, Carles"]
[Result "0-1"]
[WhiteElo "1889"]
[BlackElo "2100"]
[PlyCount "34"]
[EventDate "2011.10.01"]
[EventRounds "7"]
[EventCountry "ESP"]

1. e4 e5 2. Nf3 Nf6 3. Nxe5 Nc6 4. Nxc6 dxc6 5. Nc3 Bc5 6. Be2 h5 7. h3 Qd4 8.
O-O Ng4 9. hxg4 hxg4 10. g3 Qe5 11. Kg2 Bxf2 12. Rxf2 Qh5 13. Rf5 Qh2+ 14. Kf1
Qxg3 15. Bf3 Rh2 16. Qe1 Qh3+ 17. Kg1 gxf3 0-1

[Event "Campeonato Individual Provincial Absolut"]
[Site "Trinquet de Manises (Manises -"]
[Date "2011.11.05"]
[Round "4"]
[White "Mateu Pla, Sergio"]
[Black "Soler Di Benedetto, Sandra"]
[Result "1-0"]
[WhiteElo "1994"]
[BlackElo "1971"]
[PlyCount "101"]
[EventDate "2011.10.01"]
[EventRounds "7"]
[EventCountry "ESP"]

1. e4 c5 2. Nf3 Nc6 3. Bb5 g6 4. Bxc6 dxc6 5. h3 Bg7 6. d3 Nh6 7. Nc3 f6 8. Be3
b6 9. Qd2 Nf7 10. O-O e5 11. a3 g5 12. b4 cxb4 13. axb4 h5 14. Nh2 Be6 15. d4
exd4 16. Bxd4 Qc7 17. Qe3 Rd8 18. Nd5 cxd5 19. exd5 Qd6 20. dxe6 Nh6 21. c3 Nf5
22. Qe4 Qd5 23. Qxd5 Rxd5 24. Rxa7 Nxd4 25. cxd4 O-O 26. Rc1 Re8 27. Rcc7 Bf8
28. Rd7 Rxd7 29. exd7 Rd8 30. b5 Bb4 31. Kf1 Kf7 32. Ke2 Ke7 33. Nf1 Rxd7 34.
Rxd7+ Kxd7 35. Ne3 Ke6 36. g4 hxg4 37. hxg4 Bc3 38. Kd3 Be1 39. f3 Bg3 40. Nc4
Bc7 41. Ke4 Bd8 42. d5+ Ke7 43. Kf5 Bc7 44. d6+ Bxd6 45. Nxd6 Kxd6 46. Kxf6 Kc5
47. Kxg5 Kxb5 48. f4 Kc4 49. f5 Kd5 50. f6 Ke6 51. Kg6 1-0

[Event "Campeonato Individual Provincial Absolut"]
[Site "Trinquet de Manises (Manises -"]
[Date "2011.11.05"]
[Round "4"]
[White "Jordan Arenas, Manuel"]
[Black "Picornell Morant, Juan Enrique"]
[Result "1-0"]
[WhiteElo "2166"]
[BlackElo "1962"]
[PlyCount "55"]
[EventDate "2011.10.01"]
[EventRounds "7"]
[EventCountry "ESP"]

1. d4 Nf6 2. c4 g6 3. Nc3 Bg7 4. e4 d6 5. Nf3 O-O 6. Be2 e5 7. O-O Nbd7 8. dxe5
Nxe5 9. Nxe5 dxe5 10. Qc2 c6 11. Be3 Qc7 12. Rad1 Be6 13. b4 Nd7 14. c5 Rfd8
15. Rd2 Bf8 16. Rfd1 a5 17. a3 axb4 18. axb4 b5 19. cxb6 Nxb6 20. Nb5 Rxd2 21.
Rxd2 Ra1+ 22. Bf1 Qb7 23. Nd6 Bxd6 24. Rxd6 Bc4 25. Rd1 Qa6 26. Bh6 Rxd1 27.
Qxd1 Qc8 28. Qd6 1-0

[Event "Campeonato Individual Provincial Absolut"]
[Site "Trinquet de Manises (Manises -"]
[Date "2011.11.05"]
[Round "4"]
[White "Redondo Flores, David"]
[Black "Aparisi Arnandis, Bernardo"]
[Result "0-1"]
[WhiteElo "1956"]
[BlackElo "2048"]
[PlyCount "114"]
[EventDate "2011.10.01"]
[EventRounds "7"]
[EventCountry "ESP"]

1. e4 d6 2. d4 Nf6 3. Nc3 c6 4. Nf3 Bg4 5. a4 Qa5 6. h3 Bxf3 7. Qxf3 e6 8. Bd2
Qb6 9. Qd3 Na6 10. a5 Qc7 11. Nd1 Be7 12. Qf3 Nb8 13. Bd3 Nbd7 14. O-O O-O 15.
Ne3 b6 16. Rfe1 b5 17. Ng4 Nxg4 18. Qxg4 e5 19. c3 Bf6 20. Be3 a6 21. f4 g6 22.
f5 exd4 23. cxd4 c5 24. fxg6 hxg6 25. e5 dxe5 26. dxc5 Bg7 27. b4 Nf6 28. Qe2
Rfe8 29. Rad1 Rad8 30. Bc2 Nd5 31. Bd2 Ne7 32. Bb3 Nf5 33. Bg5 Rd4 34. Rxd4
Nxd4 35. Qd3 e4 36. Qe3 Nf5 37. Qd2 Bd4+ 38. Be3 Bxe3+ 39. Rxe3 Nxe3 40. Qxe3
Qd7 41. Bc2 Qd5 42. Qg3 Qd4+ 43. Kh1 Qa1+ 44. Kh2 Qe5 45. Qxe5 Rxe5 46. c6 Re7
47. c7 Rxc7 48. Bxe4 Kg7 49. Kg3 Kf6 50. Bd5 g5 51. Kg4 Ke5 52. Bf3 f6 53. h4
Rc4+ 54. Kh5 Rxh4+ 55. Kg6 Rxb4 56. Bb7 Ra4 57. Bxa6 Rxa5 0-1

[Event "Campeonato Individual Provincial Absolut"]
[Site "Trinquet de Manises (Manises -"]
[Date "2011.11.05"]
[Round "4"]
[White "Gimenez Saiz, Jose Raul"]
[Black "Bixquert Jimenez, Francisco"]
[Result "1/2-1/2"]
[WhiteElo "1976"]
[BlackElo "1935"]
[PlyCount "55"]
[EventDate "2011.10.01"]
[EventRounds "7"]
[EventCountry "ESP"]

1. d4 Nf6 2. c4 e6 3. Nc3 Bb4 4. e3 c5 5. Bd3 Nc6 6. Nge2 O-O 7. O-O cxd4 8.
exd4 d5 9. a3 Be7 10. Bf4 b6 11. b4 dxc4 12. Bxc4 Bb7 13. d5 exd5 14. Nxd5 Nxd5
15. Bxd5 Bg5 16. b5 Na5 17. Bxb7 Nxb7 18. Qxd8 Bxd8 19. Rac1 a6 20. Nd4 Bf6 21.
bxa6 Rxa6 22. Nb5 Ra5 23. Rc7 Nc5 24. Rb1 Rd8 25. g3 Ne6 26. Rc4 Nxf4 27. Rxf4
Be7 28. a4 1/2-1/2

[Event "Campeonato Individual Provincial Absolut"]
[Site "Trinquet de Manises (Manises -"]
[Date "2011.11.05"]
[Round "4"]
[White "Rubio Fornes, Abel"]
[Black "Marco Francisco, Miriam"]
[Result "1-0"]
[WhiteElo "2006"]
[BlackElo "1882"]
[PlyCount "83"]
[EventDate "2011.10.01"]
[EventRounds "7"]
[EventCountry "ESP"]

1. e4 d5 2. exd5 Qxd5 3. Nc3 Qd6 4. d4 Nf6 5. h3 c6 6. Nf3 Bf5 7. Bd3 Bxd3 8.
Qxd3 e6 9. O-O Be7 10. Ne5 O-O 11. Bf4 Qd8 12. Ne4 Nbd7 13. Ng5 Nxe5 14. Bxe5
h6 15. Bxf6 hxg5 16. Bxe7 Qxe7 17. Qe3 Rad8 18. c3 Rd5 19. f4 Rf5 20. Rae1 Rd8
21. Qe4 Rxf4 22. Rxf4 gxf4 23. Qxf4 c5 24. dxc5 Qxc5+ 25. Qf2 Qxf2+ 26. Kxf2
Rd2+ 27. Re2 Rxe2+ 28. Kxe2 Kf8 29. Ke3 Ke7 30. Kd4 Kd6 31. b4 a6 32. c4 b6 33.
h4 f6 34. h5 a5 35. a3 a4 36. g4 Kc6 37. Ke4 Kd6 38. Kf4 Kc6 39. g5 fxg5+ 40.
Kxg5 e5 41. Kf5 Kd6 42. Ke4 1-0

[Event "Campeonato Individual Provincial Absolut"]
[Site "Trinquet de Manises (Manises -"]
[Date "2011.11.05"]
[Round "4"]
[White "Monton Queralt, Jose Angel"]
[Black "Martinez Villena, David"]
[Result "0-1"]
[WhiteElo "2072"]
[BlackElo "1968"]
[PlyCount "60"]
[EventDate "2011.10.01"]
[EventRounds "7"]
[EventCountry "ESP"]

1. e4 d5 2. exd5 Nf6 3. d4 Nxd5 4. c4 Nb6 5. Nc3 e5 6. dxe5 Qxd1+ 7. Kxd1 Be6
8. b3 Nc6 9. f4 O-O-O+ 10. Bd2 Bb4 11. Nge2 Bxc4 12. Ke1 Bxe2 13. Bxe2 Rxd2 14.
Kxd2 Rd8+ 15. Bd3 Nd5 16. Kd1 Bxc3 17. Rc1 Bb4 18. Bf5+ Kb8 19. Ke2 Nd4+ 20.
Kf2 Nxf5 21. Rhd1 Kc8 22. Kf3 Nh4+ 23. Kf2 Ng6 24. g3 Nde7 25. Rxd8+ Kxd8 26.
h4 h5 27. Kf3 Nf5 28. Rc4 Be1 29. Rc1 Bxg3 30. Ke4 Nge7 0-1

[Event "Campeonato Individual Provincial Absolut"]
[Site "Trinquet de Manises (Manises -"]
[Date "2011.11.12"]
[Round "5"]
[White "Silva Rodriguez, Fernando"]
[Black "Montoliu Cervero, Francisco"]
[Result "0-1"]
[WhiteElo "2140"]
[BlackElo "2159"]
[PlyCount "166"]
[EventDate "2011.10.01"]
[EventRounds "7"]
[EventCountry "ESP"]

1. d4 d5 2. c4 c6 3. Nc3 Nf6 4. e3 g6 5. Nf3 Bg7 6. h3 b6 7. cxd5 cxd5 8. Bb5+
Bd7 9. Bd3 O-O 10. Ne5 Bc8 11. O-O Bb7 12. f4 e6 13. Qf3 Nc6 14. Nxc6 Bxc6 15.
b4 a6 16. a4 Qd7 17. Qe2 Ne4 18. Nxe4 dxe4 19. Bxa6 Bxa4 20. b5 Bb3 21. Ba3
Rfe8 22. Rfc1 Bf8 23. Bxf8 Kxf8 24. Rc3 Bd5 25. Rac1 Ra7 26. Qb2 f6 27. R1c2
Kg7 28. Qc1 Re7 29. Qa3 Bb7 30. Rc7 Qxc7 31. Rxc7 Rxc7 32. Qd6 Bxa6 33. bxa6
Rc1+ 34. Kh2 Ra1 35. Qxe6 R1xa6 36. Qxe4 b5 37. d5 Rb7 38. d6 Rd7 39. Qb4 Rb6
40. Qc5 Rdxd6 41. Qc7+ Kh6 42. Qc8 Kg7 43. Qc7+ Kf8 44. Qxh7 b4 45. Qh6+ Ke7
46. Qxg6 b3 47. Qe4+ Kf8 48. Qa8+ Kg7 49. Qa7+ Kf8 50. Qa8+ Ke7 51. Qa7+ Ke6
52. e4 b2 53. Qa8 Ke7 54. Qa7+ Kd8 55. Qa8+ Kc7 56. Qa7+ Kc8 57. e5 b1=Q 58.
exd6 Rxd6 59. Qc5+ Kd7 60. Qa7+ Ke8 61. Qa8+ Kf7 62. Qa7+ Kg6 63. Qe7 Qd3 64.
Qe8+ Kf5 65. Qh5+ Kxf4 66. Qg4+ Ke5 67. Qh5+ Qf5 68. Qe8+ Qe6 69. Qb5+ Kf4 70.
Qb4+ Kg5 71. h4+ Kg6 72. Qb1+ Qf5 73. Qc1 Rd4 74. Qe1 Qf4+ 75. Kg1 Qxh4 76.
Qe8+ Kg5 77. Qg8+ Kf4 78. Qb8+ Ke3 79. Qb3+ Rd3 80. Qe6+ Qe4 81. Qxf6 Rd1+ 82.
Kh2 Qf4+ 83. g3 Qxf6 0-1

[Event "Campeonato Individual Provincial Absolut"]
[Site "Trinquet de Manises (Manises -"]
[Date "2011.11.12"]
[Round "5"]
[White "Sanchez Saez, Francisco"]
[Black "Martinez Lopez, Jaime"]
[Result "1-0"]
[WhiteElo "2268"]
[BlackElo "2105"]
[PlyCount "99"]
[EventDate "2011.10.01"]
[EventRounds "7"]
[EventCountry "ESP"]

1. e4 e6 2. d4 d5 3. Nc3 Nc6 4. e5 f6 5. Bd3 Nxd4 6. Bxh7 fxe5 7. Bg6+ Kd7 8.
Be3 c5 9. Nce2 Bd6 10. c3 Nc6 11. Nh3 Qf6 12. Bc2 Kc7 13. Qd2 Bd7 14. O-O-O
Nge7 15. Ng3 b6 16. Ng5 Rad8 17. N3e4 Qf8 18. Nxd6 Kxd6 19. f4 Kc7 20. fxe5 Nf5
21. Rhf1 Qg8 22. Bf4 Rf8 23. g4 Nh6 24. Qg2 Nf7 25. Nxf7 Qxf7 26. Bg3 Qe7 27.
h4 Bc8 28. g5 Ba6 29. Rf6 Kb7 30. Rg6 Ka8 31. Qh3 Nd8 32. h5 Be2 33. Rxd5 Bxh5
34. Rxd8+ Rxd8 35. Rxe6 Qb7 36. Rd6 Qf3 37. Qh4 Bg6 38. Bxg6 Rxh4 39. Rxd8+ Kb7
40. Bxh4 Qf4+ 41. Kc2 Qxh4 42. Rd7+ Kc8 43. e6 Qxg5 44. Bd3 Qg2+ 45. Kb3 Qg4
46. Ba6+ Kb8 47. Rb7+ Ka8 48. e7 c4+ 49. Bxc4 Qc8 50. Bd5 1-0

[Event "Campeonato Individual Provincial Absolut"]
[Site "Trinquet de Manises (Manises -"]
[Date "2011.11.12"]
[Round "5"]
[White "Segarra Martinez, Axel"]
[Black "Ribes Peris, Alvaro"]
[Result "1/2-1/2"]
[WhiteElo "2109"]
[BlackElo "2137"]
[PlyCount "126"]
[EventDate "2011.10.01"]
[EventRounds "7"]
[EventCountry "ESP"]

1. e4 Nf6 2. Nc3 d6 3. Bc4 e6 4. d4 Be7 5. Nf3 O-O 6. Bg5 b6 7. O-O Bb7 8. Re1
Nbd7 9. e5 Nd5 10. Nxd5 Bxg5 11. Nc3 dxe5 12. dxe5 Qe7 13. Ne4 Bf4 14. Qd4 Rfd8
15. Ng3 g5 16. Qc3 g4 17. Qd4 gxf3 18. Qxf4 Kh8 19. Rad1 Nf8 20. Nh5 Ng6 21.
Qh6 Qf8 22. Qg5 Qe7 23. Nf6 Qf8 24. h4 h6 25. Qg3 Qg7 26. Bd3 Nxh4 27. Qxg7+
Kxg7 28. g3 Ng6 29. Nh5+ Kf8 30. Kh2 c5 31. g4 Rd4 32. Bxg6 fxg6 33. Rxd4 cxd4
34. Nf4 Kf7 35. Rd1 Rd8 36. Kg3 g5 37. Nd3 Rd5 38. Ne1 Rxe5 39. Rxd4 Ke7 40.
Nxf3 Bxf3 41. Kxf3 Ra5 42. a3 Rc5 43. c4 a5 44. b4 Rc6 45. Ke4 Kf6 46. Kd3 axb4
47. axb4 Ke5 48. f3 Rc7 49. Rd8 Rf7 50. Ke3 Rf4 51. Rc8 Kd6 52. b5 Ke7 53. Rc6
Kd7 54. Ke2 Rd4 55. Rxb6 Rxc4 56. Rb7+ Kd6 57. b6 Rb4 58. Rb8 Kc6 59. Rh8 Rxb6
60. Rxh6 Kd5 61. Rg6 Ke5 62. Ke3 Rb3+ 63. Kf2 Kf4 1/2-1/2

[Event "Campeonato Individual Provincial Absolut"]
[Site "Trinquet de Manises (Manises -"]
[Date "2011.11.12"]
[Round "5"]
[White "Paredes Facundo, Jose Carlos"]
[Black "Ballester Llagaria, Luis Eduard"]
[Result "0-1"]
[WhiteElo "1937"]
[BlackElo "2144"]
[PlyCount "90"]
[EventDate "2011.10.01"]
[EventRounds "7"]
[EventCountry "ESP"]

1. e4 c5 2. Nc3 e6 3. f4 a6 4. g3 d5 5. e5 Nc6 6. Nf3 Nh6 7. d3 Nf5 8. Bg2 Be7
9. Ne2 b5 10. d4 h5 11. Bh3 g6 12. Bxf5 gxf5 13. Be3 c4 14. Qd2 Bb7 15. h4 Qc7
16. Ng5 Rf8 17. O-O Rg8 18. Kf2 Nd8 19. Ng1 Kd7 20. c3 Rh8 21. N1f3 Bc6 22. b3
Rb8 23. Rfd1 Ke8 24. Qb2 Kf8 25. Rab1 Qb7 26. Qd2 Kg7 27. Qc1 a5 28. Nd2 Qa8
29. Qb2 Rb7 30. Ndf3 Rd7 31. Rd2 b4 32. bxc4 dxc4 33. d5 Bxd5 34. Nd4 bxc3 35.
Qxc3 Bb4 36. Rxb4 axb4 37. Qxb4 Nc6 38. Qc3 Nxd4 39. Bxd4 Rb8 40. Bc5 Rb1 41.
Nf3 Rc7 42. Bd4 Bxf3 43. Qxf3 Rf1+ 44. Kxf1 Qxf3+ 45. Bf2 c3 0-1

[Event "Campeonato Individual Provincial Absolut"]
[Site "Trinquet de Manises (Manises -"]
[Date "2011.11.12"]
[Round "5"]
[White "Nieves Cabanes, Javier"]
[Black "Martinez Ahrens, Francisco"]
[Result "1/2-1/2"]
[WhiteElo "1925"]
[BlackElo "2105"]
[PlyCount "91"]
[EventDate "2011.10.01"]
[EventRounds "7"]
[EventCountry "ESP"]

1. d4 Nf6 2. c4 g6 3. Nc3 Bg7 4. e4 d6 5. Be2 O-O 6. g4 c5 7. d5 Na6 8. Be3 Qb6
9. g5 Qxb2 10. Na4 Qa3 11. Bc1 Qb4+ 12. Bd2 Qa3 13. gxf6 Bxf6 14. Rc1 Qxa2 15.
Nc3 Qa3 16. Nf3 Bh3 17. Ra1 Qb2 18. Rb1 Qa3 19. Rb3 Qa5 20. e5 dxe5 21. Ne4 Qc7
22. Nfg5 Bd7 23. d6 Qc8 24. Nxf6+ exf6 25. Ne4 Ba4 26. Nxf6+ Kg7 27. d7 Qc6 28.
Ne8+ Rfxe8 29. dxe8=N+ Rxe8 30. Bf3 e4 31. Qa1+ f6 32. Re3 exf3 33. h4 Nb4 34.
Bxb4 cxb4 35. Qc1 Rd8 36. O-O Rd4 37. Re7+ Kf8 38. Rfe1 Rg4+ 39. Kf1 Qxc4+ 40.
Qxc4 Rxc4 41. Rxb7 Rxh4 42. Kg1 a5 43. Ree7 b3 44. Rf7+ Ke8 45. Rg7 Kf8 46.
Rgf7+ 1/2-1/2

[Event "Campeonato Individual Provincial Absolut"]
[Site "Trinquet de Manises (Manises -"]
[Date "2011.11.12"]
[Round "5"]
[White "Navarro Diaz, Carles"]
[Black "Rubio Tent, Francisco"]
[Result "0-1"]
[WhiteElo "2100"]
[BlackElo "2037"]
[PlyCount "68"]
[EventDate "2011.10.01"]
[EventRounds "7"]
[EventCountry "ESP"]

1. d4 d5 2. c4 c6 3. Nf3 Nf6 4. Nc3 dxc4 5. e4 b5 6. Qc2 Bg4 7. Be3 Bxf3 8.
gxf3 Nbd7 9. a4 a6 10. b3 cxb3 11. Qxb3 e6 12. Rg1 g6 13. Bh3 b4 14. Ne2 c5 15.
dxc5 Bxc5 16. Nd4 O-O 17. Ke2 a5 18. Rgd1 Bxd4 19. Bxd4 Qe7 20. Rd2 Rac8 21.
Qe3 Rfd8 22. Rad1 Nh5 23. Bg4 Ndf6 24. Kf1 Nxg4 25. fxg4 Nf6 26. Qg5 Nd5 27.
Qh6 Nf6 28. Qf4 Rxd4 29. g5 Rxd2 30. Rxd2 Nh5 31. Qe5 Qc7 32. Rd6 Qc1+ 33. Kg2
Qf4 34. Qd4 Qg4+ 0-1

[Event "Campeonato Individual Provincial Absolut"]
[Site "Trinquet de Manises (Manises -"]
[Date "2011.11.12"]
[Round "5"]
[White "Jordan Arenas, Manuel"]
[Black "Capella Gimenez, Jose M"]
[Result "1-0"]
[WhiteElo "2166"]
[BlackElo "2107"]
[PlyCount "89"]
[EventDate "2011.10.01"]
[EventRounds "7"]
[EventCountry "ESP"]

1. d4 Nf6 2. c4 g6 3. Nc3 Bg7 4. e4 d6 5. Nf3 O-O 6. Be2 e5 7. O-O Nc6 8. d5
Ne7 9. Be3 Ng4 10. Bg5 f6 11. Bd2 f5 12. Nh4 Nf6 13. exf5 gxf5 14. Qc2 Bd7 15.
f3 Qe8 16. g3 Kh8 17. Rae1 Qf7 18. a4 Ne8 19. f4 e4 20. Be3 Bf6 21. Nb5 Qg7 22.
Kh1 Bxb5 23. axb5 Bxb2 24. Rb1 Bd4 25. Ng2 b6 26. Rfd1 Bxe3 27. Nxe3 a5 28.
bxa6 Rxa6 29. c5 Ra3 30. cxb6 cxb6 31. Nc4 Qc3 32. Nxa3 Qxa3 33. Rxb6 Nf6 34.
Ra6 Qb4 35. Rb1 Qd4 36. Rxd6 Rc8 37. Qa2 e3 38. Rd1 Qe4+ 39. Kg1 Rc2 40. Qa1
Neg8 41. Rxf6 Nxf6 42. Qxf6+ Kg8 43. Rb1 Rc8 44. Qe6+ Qxe6 45. dxe6 1-0

[Event "Campeonato Individual Provincial Absolut"]
[Site "Trinquet de Manises (Manises -"]
[Date "2011.11.12"]
[Round "5"]
[White "Gonzalez Aguirre, Luis"]
[Black "Calvo Galve, Nestor"]
[Result "1-0"]
[WhiteElo "2150"]
[BlackElo "2055"]
[PlyCount "65"]
[EventDate "2011.10.01"]
[EventRounds "7"]
[EventCountry "ESP"]

1. g3 d5 2. Nf3 Nf6 3. c4 c6 4. Bg2 e6 5. b3 Be7 6. Bb2 O-O 7. O-O Nbd7 8. d3
Qb6 9. Qc2 c5 10. e3 Nb8 11. Nc3 Bd7 12. cxd5 Nxd5 13. Ne5 Nb4 14. Qe2 Qc7 15.
d4 cxd4 16. exd4 Bc6 17. Ne4 Bd5 18. Rac1 Qd8 19. a3 N4c6 20. b4 Nxe5 21. dxe5
Nd7 22. Rfd1 Qb8 23. f4 b5 24. Qg4 Kh8 25. Rxd5 exd5 26. Qxd7 dxe4 27. Qxe7
Qb6+ 28. Qc5 Qb7 29. Qc6 Qxc6 30. Rxc6 e3 31. Bd4 Rfd8 32. Rd6 Rac8 33. Bxe3
1-0

[Event "Campeonato Individual Provincial Absolut"]
[Site "Trinquet de Manises (Manises -"]
[Date "2011.11.12"]
[Round "5"]
[White "Aparisi Arnandis, Bernardo"]
[Black "Cabero Feliciano, Guillermo"]
[Result "0-1"]
[WhiteElo "2048"]
[BlackElo "2113"]
[PlyCount "74"]
[EventDate "2011.10.01"]
[EventRounds "7"]
[EventCountry "ESP"]

1. e4 e5 2. Nf3 Nc6 3. Bb5 a6 4. Bxc6 dxc6 5. d4 exd4 6. Qxd4 Qxd4 7. Nxd4 Bd7
8. Nc3 O-O-O 9. Be3 Re8 10. O-O-O Bb4 11. Nde2 f5 12. exf5 Bxf5 13. a3 Bd6 14.
Bd4 Nf6 15. f3 Re7 16. g3 Rhe8 17. Rd2 Nd7 18. f4 c5 19. Bf2 b5 20. Kd1 Bg4 21.
h3 Bf3 22. Re1 Nf6 23. Rd3 Bg2 24. Ng1 Rxe1+ 25. Bxe1 b4 26. Na4 Bf1 27. Rf3
Bb5 28. b3 bxa3 29. Bc3 c4 30. Ba1 cxb3 31. cxb3 Nd5 32. Nc3 Nxc3+ 33. Rxc3 Bb4
34. Kd2 g6 35. Nf3 Re2+ 36. Kd1 Bxc3 37. Bxc3 Re3 0-1

[Event "Campeonato Individual Provincial Absolut"]
[Site "Trinquet de Manises (Manises -"]
[Date "2011.11.12"]
[Round "5"]
[White "Navarro Mora, Jesualdo"]
[Black "Mateu Pla, Sergio"]
[Result "1/2-1/2"]
[WhiteElo "2009"]
[BlackElo "1994"]
[PlyCount "26"]
[EventDate "2011.10.01"]
[EventRounds "7"]
[EventCountry "ESP"]

1. d4 d5 2. Nf3 Nf6 3. g3 c6 4. Bg2 Bf5 5. O-O e6 6. Nbd2 Nbd7 7. c4 Be7 8. b3
O-O 9. Bb2 Ne4 10. Ne5 Nxd2 11. Qxd2 Nxe5 12. dxe5 dxc4 13. Qxd8 Rfxd8 1/2-1/2

[Event "Campeonato Individual Provincial Absolut"]
[Site "Trinquet de Manises (Manises -"]
[Date "2011.11.12"]
[Round "5"]
[White "Soler Di Benedetto, Sandra"]
[Black "Rodriguez Valencoso, Juan Carlo"]
[Result "1/2-1/2"]
[WhiteElo "1971"]
[BlackElo "2189"]
[PlyCount "101"]
[EventDate "2011.10.01"]
[EventRounds "7"]
[EventCountry "ESP"]

1. Nf3 g6 2. g3 Bg7 3. d4 Nf6 4. Bg2 O-O 5. O-O d6 6. c4 Nc6 7. Nc3 Bg4 8. Ne1
Qc8 9. Nc2 e5 10. d5 Ne7 11. f3 Bd7 12. e4 Ne8 13. f4 exf4 14. Bxf4 h6 15. Qd2
Kh7 16. Rae1 Ng8 17. Nd4 Qd8 18. Nf3 Bg4 19. Nd4 Be5 20. Rf2 Ng7 21. Ref1 Qe7
22. Nf3 Bxf3 23. Bxf3 f5 24. Bg2 Rae8 25. Re2 Qf6 26. Bxe5 dxe5 27. Ref2 Qb6
28. Na4 Qd6 29. c5 Qd7 30. Qb4 Nf6 31. exf5 gxf5 32. c6 bxc6 33. dxc6 Qe6 34.
Nc5 Qe7 35. Qc4 Ng4 36. Re2 e4 37. Nb3 Ne5 38. Qc2 Qd6 39. Rd2 Qxc6 40. Qxc6
Nxc6 41. Rd7 Rc8 42. Kf2 Ne5 43. Rd5 Ng4+ 44. Kg1 c6 45. Rd7 Rcd8 46. Nc5 Rxd7
47. Nxd7 Rd8 48. h3 Rxd7 49. hxg4 Rd5 50. Kf2 Kg8 51. gxf5 1/2-1/2

[Event "Campeonato Individual Provincial Absolut"]
[Site "Trinquet de Manises (Manises -"]
[Date "2011.11.12"]
[Round "5"]
[White "Martinez Villena, David"]
[Black "Gimeno Martos, Roberto"]
[Result "1-0"]
[WhiteElo "1968"]
[BlackElo "2148"]
[PlyCount "59"]
[EventDate "2011.10.01"]
[EventRounds "7"]
[EventCountry "ESP"]

1. e4 d6 2. d4 Nf6 3. Nc3 g6 4. Nf3 Bg7 5. h3 O-O 6. Be3 c6 7. a4 Qa5 8. Bd3
Na6 9. O-O Nb4 10. Be2 Qc7 11. Ne1 Re8 12. a5 Bd7 13. f4 b5 14. Qd2 Na6 15. Bf3
e5 16. b4 Rad8 17. Rb1 c5 18. fxe5 dxe5 19. dxc5 Bc6 20. Qf2 Qb7 21. Bg5 Rd4
22. Nd3 Nxe4 23. Bxe4 Bxe4 24. Nxb5 Qxb5 25. Qxf7+ Kh8 26. Bf6 Bxf6 27. Qxf6+
Kg8 28. Nxe5 Bf5 29. Nf7 Rh4 30. Nd6 1-0

[Event "Campeonato Individual Provincial Absolut"]
[Site "Trinquet de Manises (Manises -"]
[Date "2011.11.12"]
[Round "5"]
[White "Bixquert Jimenez, Francisco"]
[Black "Madero, Sergio"]
[Result "1/2-1/2"]
[WhiteElo "1935"]
[BlackElo "2120"]
[PlyCount "89"]
[EventDate "2011.10.01"]
[EventRounds "7"]
[EventCountry "ESP"]

1. d4 Nf6 2. c4 e6 3. Nc3 Bb4 4. Qc2 d5 5. a3 Bxc3+ 6. Qxc3 c5 7. dxc5 Nc6 8.
e3 d4 9. exd4 Qxd4 10. Qxd4 Nxd4 11. Bd3 e5 12. Be3 Nb3 13. Rd1 Be6 14. f3 Rc8
15. Ne2 e4 16. fxe4 Ng4 17. Bd4 O-O 18. h3 Nxd4 19. Nxd4 Ne3 20. Rd2 Rfd8 21.
Kf2 Nxc4 22. Bxc4 Bxc4 23. b4 f6 24. Rc1 Bb5 25. Ke3 a6 26. Nf5 Rxd2 27. Kxd2
Rd8+ 28. Nd6 Bc6 29. Ke3 g6 30. g4 Kf8 31. Rf1 Ke7 32. g5 Rf8 33. h4 h6 34.
gxf6+ Rxf6 35. Rxf6 Kxf6 36. e5+ Kxe5 37. Nf7+ Kd5 38. Nxh6 Kc4 39. Nf7 Kb3 40.
Kd4 Kxa3 41. Kc3 Be4 42. Nd6 Bg2 43. Nf7 Ka4 44. Ne5 Be4 45. Nf7 1/2-1/2